5 Best, 5 Positions, 5 years- Liverpool 2019-2024 - Statistics

General Stats
  • This quiz has been taken 41 times
  • The average score is 23 of 25
Answer Stats
No. Answer % Correct
2. Scotland Andrew Robertson
100%
4. Uruguay Darwin Nunez
100%
Wingers1. Egypt Mohamed Salah
100%
2. Senegal Sadio Mane
100%
Centre-Backs1. Netherlands Virgil Van Dijk
100%
4. Argentina Alexis Mac Allister
97%
3. Colombia Luis Diaz
97%
Centre-Forwards1. Brazil Roberto Firmino
97%
Full-Backs1. England Trent Alexander-Arnold
97%
3. England Joe Gomez
94%
2. Cameroon Joel Matip
94%
2. England Jordan Henderson
94%
3. Spain Thiago Alcantara
94%
5. Switzerland Xherdan Shaqiri
94%
4. Netherlands Cody Gakpo
92%
2. Portugal Diogo Jota
92%
Centre Midfield:1. Netherlands Georginio Wijnaldum
92%
4. France Ibrahima Konate
92%
5. Croatia Dejan Lovren
89%
5. Brazil Fabinho
89%
3. Belgium Divock Origi
86%
3. Greece Kostas Tsimikas
86%
4. Northern Ireland Conor Bradley
72%
5. Netherlands Cody Gakpo
67%
5. Wales Neco Williams
56%
No matching quizzes found
Score Distribution
Percent of People with Each Score
Percentile by Number Answered
Your Score History
You have not taken this quiz